| 000 | 01012cam a22003377 4500 | ||
|---|---|---|---|
| 001 | 71861 | ||
| 003 | DO-SdBPM | ||
| 005 | 20250526085325.0 | ||
| 007 | 71861 | ||
| 008 | 100202s2009 sp a || 000 0 spa | ||
| 017 |
_a _b |
||
| 020 | _a9788466785082 | ||
| 035 | _a | ||
| 040 |
_aDO-SdBPM _bspa _cBPMSU _e |
||
| 080 | _a | ||
| 080 | _a | ||
| 080 | _a | ||
| 082 | 4 |
_a155.533 _bF754L 2009 _222 |
|
| 100 | 1 | _aFoster, Juliana | |
| 245 | 1 | 3 |
_aEl libro de las chicas : _bcómo ser la mejor en todo / _c Juliana Foster ; ilustrado por Amanda Enright ; traducción, Borja García Bercero] _h |
| 250 | _a | ||
| 260 |
_aMadrid : _bAnaya, _c2009. |
||
| 300 |
_a127 p. : _bil.; _c22 cm |
||
| 534 |
_pTítulo original : _tThe girl's book |
||
| 590 | _aInventariado, 2024/VM | ||
| 650 | 4 |
_aNiñas _vGuías de vida práctica _vLibros juveniles _2 |
|
| 650 | 4 | _aPsicología del adolescente | |
| 700 | 1 |
_aEnright, Amanda, _eiluustración |
|
| 910 | _aVMateo V. Control de calidad. BPMSU | ||
| 942 |
_2ddc _cBK |
||
| 999 |
_c11379 _d11379 |
||